000 005100000a22001690004500
003 MACL
005 20160225161320.0
008 160225b xxu||||| |||| 00| 0 eng d
040 _aMACL
_cMACL
041 _aHindi
082 _a800
100 _aराजेन्‍द्रलाल हांडा
_940482
245 _aराजधानी के अंचल से
260 _bकिताब महल
_c1957
_aइलाहाबाद
650 _aLiteracture
_939932
942 _cHIN
_k800
_2ddc
999 _c24452
_d24452